| Tag |
First Indicator |
Second Indicator |
Subfields |
| LEADER |
00000cam a2200000Ia 4500 |
| 001 |
in00001520821 |
| 005 |
20151021171617.0 |
| 008 |
000223s1999 pauab b 000 0 eng d |
| 035 |
|
|
|a (OCoLC)43207986
|
| 040 |
|
|
|a FZU
|c FZU
|d TXA
|d UtOrBLW
|
| 049 |
|
|
|a TXAM
|
| 090 |
|
|
|a QL681
|b .B625 no.444
|
| 090 |
|
|
|a QL696.C43
|b N64 1999
|
| 100 |
1 |
|
|a Nol, Erica.
|
| 245 |
1 |
0 |
|a Semipalmated plover :
|b Charadrius semipalmatus /
|c Erica Nol and Michele S. Blanken.
|
| 264 |
|
1 |
|a Philadelphia, PA :
|b Birds of North America, Inc.,
|c 1999.
|
| 300 |
|
|
|a 24 pages :
|b illustrations (some color), map ;
|c 28 cm.
|
| 336 |
|
|
|a text
|b txt
|2 rdacontent
|
| 337 |
|
|
|a unmediated
|b n
|2 rdamedia
|
| 338 |
|
|
|a volume
|b nc
|2 rdacarrier
|
| 490 |
1 |
|
|a The Birds of North America,
|x 1061-5466 ;
|v no. 444
|
| 500 |
|
|
|a Caption title.
|
| 500 |
|
|
|a "Published by The Birds of North America, Inc., with support from the American Ornithologists' Union, Cornell Laboratory of Ornithology, and the Academy of Natural Sciences"--Colophon.
|
| 500 |
|
|
|a "French: Pluvier semipalme ; Spanish: Chorlito semipalmeado, cholo semipalmado ; Inuit: Wah huey yuk."
|
| 500 |
|
|
|a "Order Charadriiformes ; family Charadriidae."
|
| 504 |
|
|
|a Includes bibliographical references (pages 21-23).
|
| 650 |
|
0 |
|a Plovers.
|
| 650 |
|
0 |
|a Charadriidae.
|
| 700 |
1 |
|
|a Blanken, Michele S.
|
| 710 |
2 |
|
|a American Ornithologists' Union.
|
| 710 |
2 |
|
|a Cornell University.
|b Laboratory of Ornithology.
|
| 710 |
2 |
|
|a Academy of Natural Sciences of Philadelphia.
|
| 830 |
|
0 |
|a Birds of North America.
|x 1061-5466 ;
|v no. 444.
|
| 994 |
|
|
|a E0
|b TXA
|
| 948 |
|
|
|a cataloged
|b h
|c 2000/2/23
|d c
|e mkz
|f 11:59:02 am
|
| 999 |
|
|
|a MARS
|
| 999 |
f |
f |
|s 3d1f1fbe-c609-36bc-8303-ecdd552d6586
|i 3e803130-87b2-32de-80a1-49f25b8bb2c5
|t 0
|
| 952 |
f |
f |
|p noncirc
|a Texas A&M University
|b College Station
|c Cushing Memorial Library & Archives
|d Cushing: Kincaid/North America (Remote Storage: 2-3 day retrieval)
|t 0
|e QL696.C43 N64 1999
|h Library of Congress classification
|i unmediated -- volume
|
| 952 |
f |
f |
|a Texas A&M University
|b College Station
|c Sterling C. Evans Library
|d Evans: Library Stacks
|t 0
|e QL681 .B625 no.444
|h Library of Congress classification
|
| 998 |
f |
f |
|a QL681 .B625 no.444
|t 0
|l Evans: Library Stacks
|
| 998 |
f |
f |
|a QL696.C43 N64 1999
|t 0
|l Cushing: Kincaid/North America (Remote Storage: 2-3 day retrieval)
|